000 00366nam a2200145Ia 4500
008 090124s9999 xx 000 0 und d
082 _b33838
245 _aCHINMAYA BALA VIHAR GUIDE II
250 _a1
260 _bCENTRAL PRAKASHAN
_c1989
300 _a70
630 _aCHINMAYA BALA VIHAR GUIDE II
730 _aCHINMAYA BALA VIHAR GUIDE II
942 _cBOOK
999 _c99952
_d99952